Género, discapacidad y legítima defensa. Una lectura interseccional del proceso penal argentino desde los derechos humanos y la perspectiva de género / (Registro nro. 5607)
[ vista simple ]
| 000 -LEADER | |
|---|---|
| fixed length control field | 01719nab a22002537a 4500 |
| 003 - CONTROL NUMBER IDENTIFIER | |
| control field | OSt |
| 005 - DATE AND TIME OF LATEST TRANSACTION | |
| control field | 20251222105405.0 |
| 008 - FIXED-LENGTH DATA ELEMENTS--GENERAL INFORMATION | |
| fixed length control field | 190429b xxu||||| |||| 00| 0 spa d |
| 040 ## - CATALOGING SOURCE | |
| Transcribing agency | PJ |
| 100 ## - MAIN ENTRY--PERSONAL NAME | |
| 9 (RLIN) | 6582 |
| Personal name | Villalba, Gisela P. |
| 245 10 - TITLE STATEMENT | |
| Title | Género, discapacidad y legítima defensa. Una lectura interseccional del proceso penal argentino desde los derechos humanos y la perspectiva de género /<br/> |
| Statement of responsibility, etc | Gisela Paola Villalba. |
| 260 ## - PUBLICATION, DISTRIBUTION, ETC. (IMPRINT) | |
| Date of publication, distribution, etc | Ciudad Autónoma de Buenos Aires : |
| Place of publication, distribution, etc | Thomson Reuters La Ley, |
| Name of publisher, distributor, etc | 2025. |
| 300 ## - PHYSICAL DESCRIPTION | |
| Extent | p. 27-39 |
| 500 ## - GENERAL NOTE | |
| General note | Cita: AR/DOC/1623/2025. |
| 505 ## - FORMATTED CONTENTS NOTE | |
| Formatted contents note | Sumario: I. Introducción.— II. El enfoque interseccional en el proceso penal: implicancias en casos de legítima defensa ejercida por mujeres con discapacidad.— III. Legítima defensa y violencia de género en contextos de discapacidad.— IV. El enfoque interseccional como herramienta de análisis jurídico en el proceso penal.— V. La articulación entre perspectiva de género y de discapacidad: el enfoque interseccional como herramienta jurídica.— VI. Propuestas normativas e institucionales para la incorporación estructural de la perspectiva interseccional.— VII. Consideraciones finales.— VIII. Bibliografía y normativa. |
| 505 ## - FORMATTED CONTENTS NOTE | |
| Title | Si te interesa el texto completo, solicitalo a koha@justierradelfuego.gov.ar |
| 650 #0 - SUBJECT ADDED ENTRY--TOPICAL TERM | |
| 9 (RLIN) | 343 |
| Topical term or geographic name as entry element | DERECHO PENAL |
| 650 #0 - SUBJECT ADDED ENTRY--TOPICAL TERM | |
| 9 (RLIN) | 2793 |
| Topical term or geographic name as entry element | LEGÍTIMA DEFENSA |
| 650 #0 - SUBJECT ADDED ENTRY--TOPICAL TERM | |
| 9 (RLIN) | 3271 |
| Topical term or geographic name as entry element | PERSONAS CON DISCAPACIDAD |
| 650 #0 - SUBJECT ADDED ENTRY--TOPICAL TERM | |
| 9 (RLIN) | 4044 |
| Topical term or geographic name as entry element | PERSPECTIVA DE GÉNERO |
| 650 #0 - SUBJECT ADDED ENTRY--TOPICAL TERM | |
| 9 (RLIN) | 4885 |
| Topical term or geographic name as entry element | DERECHOS DE LA VÍCTIMA |
| 773 0# - HOST ITEM ENTRY | |
| Host Biblionumber | 2658 |
| Host Itemnumber | 3164 |
| Title | Revista de derecho penal y criminología. Nº 7 - Agosto 2025 |
| Place, publisher, and date of publication | Ciudad Autónoma de Buenos Aires : Thomson Reuters La Ley, 2017- |
| International Standard Serial Number | 00347914 |
| 942 ## - ADDED ENTRY ELEMENTS (KOHA) | |
| Source of classification or shelving scheme | |
| Koha item type | Analítica Artículo de Revista |
No hay ítems disponibles.
